000 01331pab a2200181 454500
008 180718b2003 xxu||||| |||| 00| 0 eng d
100 _aHaruna, Peter Fuseini
245 _aReforming Ghana's public service: issues and experiences in comparative perspective
260 _c2003
300 _ap.343-53.
362 _aMay-Jun
520 _aThis article addresses how the public service can be reformed to make it relevant to the circumstances and useful to the majority of people living and working in Ghana. In many public administration journals, reforms in Sub-Saharan Africa have received scant attention. Using Ghana as a case study, this article first summarizes and evaluates that country's reform efforts and compares them to mainstream Anglo-American reform ideas. The article comments on the conceptualization of reform based on the notion of community, encompassing the unique political, social, and cultural experiences of the people of Ghana. Finally, the article discusses what a composite formulation of the notion of community might imply for a cross-cultural understanding of comparative public administration. - Reproduced.
650 _aPublic administration - Ghana
650 _aAdministrative reform - Ghana
650 _aAdministrative reform
773 _aPublic Administration Review
909 _a57719
999 _c57719
_d57719